01484nam a2200325 a 4500001001200000003000800012006001900020007001500039008004100054020001800095020001500113040002100128035002100149043001200170050002700182245027800209260005700487300002400544533015200568650003700720650002900757650004600786650004800832655002900880700002300909710006600932710001700998856012601015999001701141ebr10290044CaPaEBRm u cr cn|||||||||090928s2009 dcua s 000 0 eng d z9780309126427 z0309126428 aCaPaEBRcCaPaEBR a(OCoLC)568279734 an-us---14aRA440.3.U5bH43 2009eb00aHealth literacy, ehealth, and communicationh[electronic resource] :bputting the consumer first : workshop summary /cLyla M. Hernandez ; Roundtable on Health literacy, Board on Population Health and Public Health Practice, Institute of Medicine of the National Academies. aWashington, D.C. :bNational Academies Press,c2009. axiv, 111 p. :bill. aElectronic reproduction.bPalo Alto, Calif. :cebrary,d2013.nAvailable via World Wide Web.nAccess may be limited to ebrary affiliated libraries. 0aHealth educationzUnited States. 0aLiteracyzUnited States. 0aCommunication in medicinezUnited States. 0aConsumer-driven health carezUnited States. 7aElectronic books.2local1 aHernandez, Lyla M.2 aInstitute of Medicine (U.S.).bRoundtable on Health Literacy.2 aebrary, Inc.40uhttp://site.ebrary.com/lib/rucke/Doc?id=10290044zAn electronic book accessible through the World Wide Web; click to view c72912d72912